000 00359nam a2200157Ia 4500
008 221030s9999 xx 000 0 und d
020 _a0070587531
041 _aEnglish
082 _a105.23
100 _aW. Buchanan
245 0 _aDistributed Systems & Networks
260 _bTMH
_aNew Delhi
_c2004
300 _a674
650 _aBE Computer
942 _cBK
999 _c5669
_d5669